| 000 | 01440nam a22003857a 4500 | ||
|---|---|---|---|
| 003 | CHAP | ||
| 005 | 20220329135401.0 | ||
| 008 | 971013s1973 r 00010 d | ||
| 010 | _a35432 | ||
| 011 | _a36404 | ||
| 035 | _a40523 | ||
| 040 | _cCHAP | ||
| 090 | _aTesis | ||
| 100 | 0 | 0 |
_aPadrón Treviño, Jaime A. _984694 |
| 245 | _aClasificación taxonómica, ecología y evaluación del daño de la mosquita del sorgo (Contarinia sorghicola Coq) (Diptera : Cecidomydae) en el Valle del Fuerte, Sinaloa | ||
| 260 |
_aChapingo, Méx. : _bEl autor, _c1973 |
||
| 300 |
_a80 h. _b: apénd. ; mapa |
||
| 500 | _ac.4 en bodega | ||
| 502 | _aTesis (M.C. Esp. en Entomología) -- ENA. Colegio de Postgraduados | ||
| 590 |
_aALEPH _b10 _c20130110 _lUCH01 _h1301 |
||
| 590 |
_aBATCH-UPD _b10 _c20130110 _lUCH01 _h0021 |
||
| 590 |
_aBATCH-UPD _b10 _c20130110 _lUCH01 _h2141 |
||
| 590 |
_aBATCH-UPD _b10 _c20130409 _lUCH01 _h2000 |
||
| 590 |
_aBATCH-UPD _b10 _c20130410 _lUCH01 _h1449 |
||
| 590 |
_aBATCH-UPD _b10 _c20130914 _lUCH01 _h1055 |
||
| 590 |
_aCONVERSION _b10 _c20130109 _lUCH01 _h1320 |
||
| 650 | 1 | 4 |
_aContarinia sorghicola. _927432 |
| 650 | 1 | 4 |
_aSorgo _xPlagas. _9108704 |
| 710 | 0 |
_aENA. Colegio de Postgraduados. Chapingo, Méx. Rama de Entomología. _936684 |
|
| 901 | _aBK | ||
| 942 | _cFOLL | ||
| 949 |
_bBC _cTES _d-92575 _eTS1 _i40523 _si |
||
| 949 |
_bBC _cTES _d-92576 _eTS2 _fc.2 _i40523 _si |
||
| 949 |
_bBC _cTES _d-92577 _eTS2 _fc.3 _i40523 _si |
||
| 999 |
_c35432 _d35432 |
||